Elementi dei Segni zodiacali - Statistics

Statistiche generali
  • Questo quiz è stato fatto 45 volte
  • Il punteggio medio è 8 su 12
Statistiche sulle risposte
Hint Risposta % Corretto
Pesci Acqua
92%
Leone Fuoco
86%
Bilancia Aria
81%
Capricorno Terra
81%
Toro Terra
78%
Gemelli Aria
75%
Cancro Acqua
69%
Ariete Fuoco
67%
Sagittario Fuoco
58%
Aquario Aria
53%
Vergine Terra
53%
Scorpione Acqua
44%
Nessun quiz corrispondente trovato
Distribuzione punteggi
Percentuale di utenti per punteggio
Percentile per numero di risposta
I tuoi punteggi nel tempo
Non hai fatto questo quiz